| 000 | 01340nab a2200253 i 4500 | ||
|---|---|---|---|
| 001 | BPP | ||
| 003 | BPK | ||
| 005 | 20190610114327.0 | ||
| 008 | 140530s1983 pl f |100 0 pol | ||
| 040 | _cBPK | ||
| 080 | _a621.9 | ||
| 100 |
_aKACALAK, Wojciech. _d1970 - 1996. _bWyższa Szkoła Inżynierska w Koszalinie - Wydział Mechaniczny, _cZakład Obrabiarek i Obróbki Skrawaniem |
||
| 245 |
_aCharakterystyka nowej metody kształtowania regularnej makrogeometrii szlifowanej powierzchni w postaci równomiernie rozmieszczonych wgłębień / _cWojciech Kacalak, Bogusław Poletajew. |
||
| 260 | _c1983. | ||
| 500 | _aDane z autopsji. | ||
| 520 | _aCelem pracy było opracowanie wydajnej metody ściernego kształtowania regularnej makrogeometrii utwardzonych powierzchni w postaci równomiernie rozmieszczonych wgłębień lub rowków. | ||
| 655 | 0 | _aMateriały konferencyjne. | |
| 650 | 0 | _aSzlifowanie | |
| 650 | 0 | _aInżynieria powierzchni | |
| 700 |
_aPOLETAJEW, Bogusław. _d1980 - 1983. _bWyższa Szkoła Inżynierska - Wydział Mechaniczny, _cZakład Materiałoznawstwa i Obróbki Cieplnej |
||
| 711 |
_aNaukowa Szkoła Obróbki Ściernej _n(6 ; _d1983 ; _cRzeszów, Polska). |
||
| 773 |
_iW : _tZeszyty Naukowe Politechniki Rzeszowskiej. - _g1983, nr 11, s. 182-187 _kMechanika z. 3 |
||
| 942 |
_cART _2UKD |
||
| 999 |
_c6680 _d6680 |
||